| 000 | 00616nam a22002057a 4500 | ||
|---|---|---|---|
| 003 | 0 | ||
| 005 | 20230830125008.0 | ||
| 008 | 230830b xxu||||| |||| 00| 0 eng d | ||
| 020 | _a978-621-427-102-3 | ||
| 050 |
_aBF 199 _b.L86 2022 |
||
| 100 | _aLuna, Alden Reyben B. | ||
| 245 |
_aUnderstanding the self _cAlden Reuben B. Luna |
||
| 260 |
_aManila _bUnlimited Books Library Services & Publishing Inc. _cc2022. |
||
| 300 |
_ax, 130 pages ; _c26 cm. |
||
| 500 | _aPsychology. | ||
| 504 | _aIncludes bibliographical references. | ||
| 650 | _aPsychology. | ||
| 650 | _aHuman behavior. | ||
| 942 |
_2lcc _cBK |
||
| 999 |
_c365222 _d365222 |
||